Statistics for Word Scramble - Cities in Russia

Click here to take the quiz!

General Stats

  • This quiz has been taken 40 times
  • The average score is 9 of 12

Answer Stats

GibberishCity% Correct
trkhanasaAstrakhan
100%
ybiahelcksnChelyabinsk
100%
krtkuisIrkutsk
100%
ksksaryonraKrasnoyarsk
100%
owosmcMoscow
100%
mrmanksuMurmansk
100%
hznyin grovonodNizhny Novgorod
100%
ksvonobsiirNovosibirsk
100%
moskOmsk
100%
pmerPerm
100%
rotsvo-no-nodRostov-on-Don
100%
mrasaaSamara
100%
tvoaarsSaratov
100%
cisohSochi
100%
fauUfa
100%
kteriaygrubnYekaterinburg
100%
knzaaKazan
83%
taytotliTolyatti
83%
rondsakraKrasnodar
80%
ozhevornVoronezh
80%
ymunetTyumen
67%
tians ptreegrubsSaint Petersburg
50%
kslvavoidotVladivostok
50%
glvdragooVolgograd
50%
lyvlorasaYaroslavl
33%

Score Distribution

Percentile by Number Answered

Percent of People with Each Score

Your Score History

You have not taken this quiz